000 00784nam a2200253 a 4500
008
020 _a1555580572 (pbk.)
049 _aMAIN
090 _aQA76.8.V32
_bVAX
245 0 0 _aVAX architecture reference manual /
_cedited by Richard A. Brunner ; contributing authors, Dileep P. Bhandarkar ... [et al.].
250 _a2nd ed.
260 _aBedford, Mass. :
_bDigital Press,
_cc1991.
300 _axv, 560 p. ;
_c24 cm.
500 _aIncludes index.
650 0 _aVAX computers.
650 0 _aComputer architecture.
700 1 _aBrunner, Richard A.
700 1 _aBhandarkar, Dileep P.
907 _a.b10058138
_b02-03-09
_c17-04-03
003
005 20230123133234.0
040 _cNUST
942 _cBOOKS
_kQA76.8.V32
_mVAX
999 _c145142
_d145142